00298 a2200121 4500001000700000020000600007040001100013100001800024240006100042245005600103362000900159440000800168160082 a  cMagnum aCarroll, Jean10aOnde esta fuzzi ? historias dos animais da florestalpor10aOnde esta fuzzi ? historias dos animais da floresta0 a1899 1aEko